1185 1954 1279 1942 1614 1932 1551 1295 1214 1000 1645 1479 1327 1458 1564 1540 1832 1075 1892 1571 1040 1121 1009 1261 1147 1423 1956 1914 1182 1841 1448 1496 1875 1391 1588 1271 1464 1220 1809 1698 1745 1750 1023 1984 1035 1953 1204 1764 1019 1844 1116 1236 1508 1053 1939 1274 1873 1384 1688 1101 1191 1207 1502 1473 1126 1129 1433 1822 1823 1258 1627 1445 1557 1395 1197 1969 1551 1783 1147 1575 1573 1515 1070 1947 1213 1655 1739 1339 1930 1541 1230 1515 1685 1834 1554 1105 1112 1132 1958 BCNSPRNW ULIB Ver.6.0+V

เปลี่ยนเป็นภาษาไทย

Change to English
 แสดงรายละเอียดบรรณานุกรม
  กลับหน้าหลัก

Brief Record : Get Marc (ISO 2709) : E-mail record : QR code < ปิดหน้าต่าง
LEADER : 00000nam 2200000uu 4500
001    13399111041
003     ULIB
008    110615s||||||||th 000 0 tha d
020    9789748817965 (ล.2)
060 04 WY18.2^bส676 2549 ล.2
245 00 สาระทบทวน :^bการพยาบาลผู้ใหญ่ เล่ม 2/^cบรรณาธิการ, ละเอียดแจ่มจันทร์, สุรี ขันธรักษวงศ์
246 30 การพยาบาลผู้ใหญ่ เล่ม 2
250    พิมพ์ครั้งที่ 3
260    กรุงเทพฯ :^bจุดทอง, ^c2549
300    2 เล่ม ;^c26 ซม.
650  7 การพยาบาลโรคผิวหนัง
650  7 การพยาบาลอายุรศาสตร์
700 0  ละเอียด แจ่มจันทร์,^eบรรณาธิการ
700 0  สุรี ขันธรักษวงศ์,^eบรรณาธิการ
945    ^p70^l0^i24656
945    ^p70^l0^i24655
945    ^p70^l0^i24654
995    เกษร
999    ^aใช้งานได้ทุกระบบ
รายการนี้ยังไม่มีแท็ก
คุณยังไม่ได้ล็อกอิน คุณสามารถมีกิจกรรมร่วมกับเว็บไซต์ได้ แต่ต้องล็อกอินก่อน ::
  ล็อกอิน

รายการสื่อสารสนเทศ

ลำดับที่ ประเภท เลขเรียก/บาร์โค้ด สถานที่ สถานะ
- ไม่พบข้อมูล -

รายการใกล้เคียง
    หัวเรื่อง [การพยาบาลโรคผิวหนัง]
    หัวเรื่อง [การพยาบาลอายุรศาสตร์]

BibComment


ยังไม่เคยถูกคอมเมนท์

คอมเมนท์ทรัพยากรรายการนี้
  คอมเมนท์: สาระทบทวน การพยา..


 Copyright 2026. Bcnsprnw @Library